Very Very Simplified Countries of the World Quiz - Statistics

General Stats
  • This quiz has been taken 95 times
  • The average score is 100 of 196
Answers on the Map
Answers color-coded by a green-red scale on the quiz's map according to % correct below.
 
Answer Stats
Country % Correct
United States
92%
Canada
86%
Russia
76%
Mexico
70%
Denmark
69%
United Kingdom
65%
China
62%
Cuba
61%
Brazil
59%
Norway
58%
Finland
57%
Bahamas
55%
Chile
55%
France
55%
Iceland
55%
Ireland
55%
Japan
55%
Sweden
55%
Argentina
54%
Australia
54%
Dominican Republic
54%
Haiti
54%
Honduras
54%
India
54%
Mongolia
54%
Uruguay
54%
Algeria
53%
Democratic Republic of the Congo
53%
Ecuador
53%
Germany
53%
Iran
53%
Israel
53%
Jamaica
53%
New Zealand
53%
North Korea
53%
Pakistan
53%
Panama
53%
Republic of the Congo
53%
San Marino
53%
South Korea
53%
Spain
53%
United Arab Emirates
53%
Vatican City
53%
Afghanistan
51%
Albania
51%
Armenia
51%
Austria
51%
Belarus
51%
Belgium
51%
Bolivia
51%
Bosnia and Herzegovina
51%
Colombia
51%
Croatia
51%
Estonia
51%
Greece
51%
Indonesia
51%
Iraq
51%
Italy
51%
Kazakhstan
51%
Kosovo
51%
Latvia
51%
Lebanon
51%
Nepal
51%
Netherlands
51%
Niger
51%
Nigeria
51%
Paraguay
51%
Peru
51%
Philippines
51%
Poland
51%
Portugal
51%
South Africa
51%
Suriname
51%
Switzerland
51%
Taiwan
51%
Turkey
51%
Ukraine
51%
Uzbekistan
51%
Venezuela
51%
Yemen
51%
Andorra
50%
Angola
50%
Azerbaijan
50%
Bangladesh
50%
Bhutan
50%
Botswana
50%
Bulgaria
50%
Cambodia
50%
Central African Republic
50%
Czech Republic
50%
Egypt
50%
El Salvador
50%
Ethiopia
50%
Guatemala
50%
Guyana
50%
Hungary
50%
Ivory Coast
50%
Jordan
50%
Kiribati
50%
Laos
50%
Lesotho
50%
Libya
50%
Liechtenstein
50%
Lithuania
50%
Luxembourg
50%
Malawi
50%
Malaysia
50%
Moldova
50%
Monaco
50%
Montenegro
50%
Morocco
50%
Nauru
50%
Nicaragua
50%
Oman
50%
Papua New Guinea
50%
Romania
50%
Saudi Arabia
50%
Somalia
50%
Thailand
50%
Togo
50%
Trinidad and Tobago
50%
Turkmenistan
50%
Uganda
50%
Vietnam
50%
Zimbabwe
50%
Brunei
49%
Burkina Faso
49%
Chad
49%
Costa Rica
49%
Cyprus
49%
Dominica
49%
East Timor
49%
Equatorial Guinea
49%
Eritrea
49%
Eswatini
49%
Federated States of Micronesia
49%
Gabon
49%
Gambia
49%
Ghana
49%
Guinea
49%
Kenya
49%
Kuwait
49%
Kyrgyzstan
49%
Madagascar
49%
Mauritania
49%
Mauritius
49%
Myanmar
49%
North Macedonia
49%
São Tomé and Príncipe
49%
Serbia
49%
Slovakia
49%
Slovenia
49%
South Sudan
49%
Sri Lanka
49%
Sudan
49%
Syria
49%
Tajikistan
49%
Tanzania
49%
Tunisia
49%
Tuvalu
49%
Vanuatu
49%
Zambia
49%
Bahrain
47%
Benin
47%
Burundi
47%
Cameroon
47%
Cape Verde
47%
Fiji
47%
Georgia
47%
Grenada
47%
Guinea-Bissau
47%
Liberia
47%
Maldives
47%
Mali
47%
Malta
47%
Mozambique
47%
Namibia
47%
Palau
47%
Qatar
47%
Rwanda
47%
Saint Lucia
47%
Saint Vincent and the Grenadines
47%
Samoa
47%
Senegal
47%
Seychelles
47%
Sierra Leone
47%
Singapore
47%
Barbados
46%
Belize
46%
Comoros
46%
Djibouti
46%
Marshall Islands
46%
Saint Kitts and Nevis
46%
Solomon Islands
46%
Tonga
46%
Antigua and Barbuda
45%
No matching quizzes found
Score Distribution
Percent of People with Each Score
Percentile by Number Answered
Your Score History
You have not taken this quiz